The Science of Genetics /

Wedi'i Gadw mewn:
Manylion Llyfryddiaeth
Prif Awdur: Hexter, William
Awduron Eraill: Yost, Henry T.
Fformat: Sách giấy
Iaith:English
Cyhoeddwyd: Englewood Cliffs, New Jersey : Prentice-Hall, 1976
Tagiau: Ychwanegu Tag
Dim Tagiau, Byddwch y cyntaf i dagio'r cofnod hwn!
Thư viện lưu trữ: Thư viện Trường Đại học Đà Lạt
LEADER 00592nam a2200241 4500
001 DLU020000651
005 ##12/25/1998
041 # # |a eng 
082 # # |a 576.5  |b HE-W 
100 # # |a Hexter, William 
245 # # |a The Science of Genetics /  |c William Hexter, Henry T. Yost 
260 # # |a Englewood Cliffs, New Jersey :  |b Prentice-Hall,  |c 1976 
300 # # |a IX, 596 tr.;  |c 24 cm. 
700 # # |a Yost, Henry T. 
992 # # |a 12000 
994 # # |a DLU 
900 # # |a False 
911 # # |a Administrator 
925 # # |a G 
926 # # |a A 
927 # # |a SH 
980 # # |a Thư viện Trường Đại học Đà Lạt